00289nam a2200121Ia 45000030006000000080041000060400015000471000012000622450044000742600020001185460012001380050017001500STCL150530s9999 xx 000 0 und d aSTCLcSTCL aDickens aLife and adventures of Nicholas Nicklby bMacmillanc1965 aEnglish20220125171055.0